Разработка и исследование методов анализа информации о положении пучка в циклических ускорителях: диссертация на соискание ученой степени кандидата технических наук

Dades bibliogràfiques
Autor principal: Иванченкова Э. Е.
Autor corporatiu: Томский политехнический институт
Altres autors: Кочегуров В. А. (научный руководитель)
Idioma:rus
Publicat: Томск, [Б. и.], 1976
Matèries:
Format: MixedMaterials Llibre
KOHA link:https://koha.lib.tpu.ru/cgi-bin/koha/opac-detail.pl?biblionumber=352348

MARC

LEADER 00000nbm0a2200000 4500
001 352348
005 20231102010505.0
035 |a (RuTPU)RU\TPU\retro\8853 
090 |a 352348 
100 |a 20191216d1976 k y0rusy50 ca 
101 0 |a rus 
102 |a RU 
105 |a a mz 001zy 
200 1 |a Разработка и исследование методов анализа информации о положении пучка в циклических ускорителях  |e диссертация на соискание ученой степени кандидата технических наук  |f Э. Е. Иванченкова  |g Томский политехнический институт ; науч. рук. В. А. Кочегуров 
210 |a Томск  |c [Б. и.]  |d 1976 
215 |a 161 л.  |c ил. 
320 |a Библиогр.: с. 152-159 (102 назв.) 
606 1 |a Циклические (кольцевые) ускорители  |2 stltpush  |3 (RuTPU)RU\TPU\subj\18197  |9 43689 
610 1 |a пучки 
610 1 |a центр тяжести 
610 1 |a положение 
610 1 |a статистическая информация 
610 1 |a бетатронные колебания 
610 1 |a число 
610 1 |a магнитное поле 
610 1 |a нарушение 
610 1 |a восстановление 
610 1 |a метод выделения возмущений 
610 1 |a диссертации 
675 |a 621.384.63(04)  |v 4 
700 1 |a Иванченкова  |b Э. Е. 
702 1 |a Кочегуров  |b В. А.  |4 727 
712 0 2 |a Томский политехнический институт  |c (1944-1991)  |2 stltpush  |3 (RuTPU)RU\TPU\col\1123  |9 23521 
801 1 |a RU  |b 63413507  |c 20191216 
801 2 |a RU  |b 63413507  |c 20191217  |g RCR 
942 |c BK